000 00607nam a2200205Ii 4500
001 4076
003 CO-ViMGA
008 241108s9999||||xx |||||||||||||| ||und||
040 _aCO-ViMGA
_bspa
_erda
_cCO-ViMGA
041 0 _aunk
082 0 4 _a408.9-T475
100 1 _aJorge Tzebrikov
_955464
245 1 0 _aManual para el estudio de la lengua rusa
264 1 _a[Lugar de publicación no identificado] : Bosch, 1959
300 _avolumen
336 _atext
_btxt
_2rdacontent
337 _aunmediated
_bn
_2rdamedia
338 _avolume
_bnc
_2rdacarrier
940 _aidficha_siabuc: 3985. -- ficha_no_siabuc:4076
999 _c53018
_d53018